[Event "Heraklion Gazi op"]
[Site "Heraklion"]
[Date "2006.09.06"]
[Round "7"]
[White "Malliotakis, Michail"]
[Black "Georgadas, Antonios"]
[Result "0-1"]
[WhiteElo "1275"]
[BlackElo "1010"]
[PlyCount "80"]
[EventDate "2006.08.31"]
[EventType "swiss"]
[EventRounds "7"]
[EventCountry "GRE"]
[SourceTitle "EXT 2008"]
[Source "ChessBase"]
[SourceDate "2007.11.25"]
[SourceVersion "1"]
[SourceVersionDate "2007.11.25"]
[SourceQuality "1"]

1. e4 c5 2. Nf3 d6 3. c3 Nf6 4. Qc2 g6 5. d4 cxd4 6. cxd4 Bg7 7. Nc3 Bd7 8. Bc4 0-0 9. 0-0 Qc7 10. Bb3 Nc6 11. Nd5 Qd8 12. Qd3 Rc8 13. Bg5 Nxd5 14. Bxd5 Nb4 15. Qb3 Nxd5 16. Qxd5 Bc6 17. Qb3 Bxe4 18. Rfe1 Bxf3 19. Bxe7 Qa5 20. Bxf8 Bd5 21. Qh3 Rxf8 22. Qd7 Qb6 23. Re2 Be6 24. Qe7 Bxd4 25. Rd1 Bc5 26. Rde1 Bb4 27. Rc1 Bc5 28. a3 a5 29. Rce1 d5 30. Qg5 d4 31. Re5 f6 32. Rxe6 fxg5 33. Rxb6 Bxb6 34. Re6 Rd8 35. Kf1 d3 36. Ke1 d2+ 37. Kd1 Bxf2 38. Re2 Be1 39. Re5 Rc8 40. Rxe1 dxe1Q+ 0-1

[Event "Heraklion Gazi op"]
[Site "Heraklion"]
[Date "2006.09.04"]
[Round "5"]
[White "Kakouris Marakas, Mihail"]
[Black "Georgadas, Antonios"]
[Result "1/2-1/2"]
[WhiteElo "1330"]
[BlackElo "1010"]
[PlyCount "118"]
[EventDate "2006.08.31"]
[EventType "swiss"]
[EventRounds "7"]
[EventCountry "GRE"]
[SourceTitle "EXT 2008"]
[Source "ChessBase"]
[SourceDate "2007.11.25"]
[SourceVersion "1"]
[SourceVersionDate "2007.11.25"]
[SourceQuality "1"]

1. e4 c5 2. Nf3 d6 3. Nc3 g6 4. d4 cxd4 5. Qxd4 Nf6 6. e5 dxe5 7. Qxd8+ Kxd8 8. Nxe5 Be6 9. Bf4 a6 10. 0-0-0+ Ke8 11. g3 Bg7 12. Bg2 Bc8 13. Rd2 Nbd7 14. Rhd1 e6 15. Na4 h6 16. Nxd7 Nxd7 17. Bd6 f5 18. Nc5 Nxc5 19. Bxc5 Kf7 20. Bxb7 Rb8 21. Rd7+ Bxd7 22. Rxd7+ Kg8 23. Bd6 Re8 24. Rxg7+ Kxg7 25. Be5+ Kf7 26. Bxh8 Rxh8 27. Bxa6 Rd8 28. Bd3 e5 29. f3 Kf6 30. a4 Ke6 31. Bc4+ Kd6 32. b4 e4 33. fxe4 fxe4 34. c3 Rf8 35. Kd2 Ke5 36. Be2 Rf2 37. h4 h5 38. a5 Kd6 39. Ke3 Rg2 40. Bf1 Rxg3+ 41. Kxe4 Rg4+ 42. Kf3 Rxh4 43. Kg3 Re4 44. Kf3 Re5 45. c4 Rf5+ 46. Kg2 g5 47. b5 Kc5 48. a6 Rf7 49. Be2 g4 50. Kg3 Kb6 51. Kh4 Rf5 52. Bd3 Rf3 53. Be4 Rh3+ 54. Kg5 g3 55. c5+ Kxb5 56. a7 g2 57. Bxg2 Rg3+ 58. Kxh5 Rg8 59. c6 Kb6 1/2-1/2

[Event "Heraklion Gazi op"]
[Site "Heraklion"]
[Date "2006.09.02"]
[Round "3"]
[White "Balomenakis, Haralambos"]
[Black "Georgadas, Antonios"]
[Result "1-0"]
[WhiteElo "1360"]
[BlackElo "1010"]
[PlyCount "115"]
[EventDate "2006.08.31"]
[EventType "swiss"]
[EventRounds "7"]
[EventCountry "GRE"]
[SourceTitle "EXT 2008"]
[Source "ChessBase"]
[SourceDate "2007.11.25"]
[SourceVersion "1"]
[SourceVersionDate "2007.11.25"]
[SourceQuality "1"]

1. e4 c5 2. Nf3 d6 3. Bb5+ Bd7 4. Bxd7+ Qxd7 5. 0-0 g6 6. c3 Bg7 7. d4 cxd4 8. cxd4 Nc6 9. Nc3 Nf6 10. Be3 0-0 11. Qe2 Rac8 12. Rfd1 Na5 13. e5 Ng4 14. Bf4 Qf5 15. Nd5 Qe6 16. Nc3 dxe5 17. dxe5 Qc4 18. Bg5 Qxe2 19. Nxe2 Nxe5 20. Nxe5 Bxe5 21. Bxe7 Rfe8 22. Ba3 Bxh2+ 23. Kxh2 Rxe2 24. Kg1 Ree8 25. b3 Rc2 26. Bb4 Nc6 27. Be1 Ree2 28. a3 Rb2 29. b4 a6 30. Kf1 h5 31. a4 Re8 32. Rab1 Rxb1 33. Rxb1 Re5 34. b5 axb5 35. Rxb5 Re6 36. Bd2 Re7 37. Rd5 Ne5 38. Bb4 Re8 39. Rb5 Nd3 40. Rxb7 Ra8 41. Ke2 Nxb4 42. Rxb4 Kf8 43. Kd3 Ke7 44. Kc3 Kd6 45. Kb3 Kc6 46. Rb5 Ra6 47. Kb4 Ra7 48. Rc5+ Kb6 49. a5+ Ka6 50. Rc6+ Kb7 51. Rb6+ Kc7 52. Kb5 Kc8 53. a6 Kc7 54. Rf6 Kc8 55. Kb6 Kb8 56. Rd6 Rb7+ 57. axb7 f5 58. Rd8# 1-0